Podpora inklúzie vo výchove vo voľnom čase

Bibliographic Details
Main Author: Kušnírová, Veronika (Author)
Format: Book
Language:Slovak
Published: Ružomberok Verbum 2018
Edition:Vydanie prvé
Subjects:

MARC

LEADER 00000cam a2200000 4500
001 vtls011776912
003 SK-MaSNL
005 20260301100040.0
008 200612s2018 xo o ern 001 0dslo
015 |a SNBA2018/12 
020 |a 9788056105412  |q (brožované) 
035 |a urn:nbn:sk:snk-am00dk67 
035 |a urn:nbn:sk:snk-am3i4vt 
035 |a 321B364C-5607-47BB-80A6-C2798C173E88 
040 |a SNK  |b slo  |c SNK  |e rda 
041 0 |a slo 
044 |a xo  |c SK 
072 7 |a 37  |x Výchova a vzdelávanie  |2 konspekt 
072 7 |a 37.043.2  |2 2011 
080 |a 379.8  |2 2011 
080 |a 37.043.2  |2 2011 
080 |a (048.8)  |2 2011 
100 1 |a Kušnírová, Veronika  |4 aut  |9 432286 
245 1 0 |a Podpora inklúzie vo výchove vo voľnom čase  |c Veronika Kušnírová 
250 |a Vydanie prvé 
264 1 |a Ružomberok  |b Verbum  |c 2018 
300 |a 140 strán  |b farebné fotografie  |c 21 cm 
336 |a text  |b txt  |2 rdacontent 
337 |a bez média  |b n  |2 rdamedia 
338 |a zväzok  |b nc  |2 rdacarrier 
366 |e 240 kusov 
500 |a Obsahuje biografické údaje o autorke 
504 |a Bibliografia na strane 123-136 ; vecný register 
650 0 7 |a voľný čas  |2 SNKPH  |9 3355 
650 0 7 |a integrovaná výchova a vzdelávanie  |2 SNKPH  |9 67219 
650 0 7 |a pedagogika voľného času  |2 SNKPH  |9 14931 
650 0 7 |a multikultúrna výchova  |2 SNKPH  |9 69518 
650 0 7 |a Integrated education  |2 SNKPHeng  |9 306558 
650 0 7 |a Leisure  |2 SNKPHeng  |9 266400 
650 0 7 |a Leisure education  |2 SNKPHeng  |9 275073 
650 0 7 |a Multicultural education  |2 SNKPHeng  |9 93503 
655 7 |a monografie  |2 SNKPH  |9 70139 
655 7 |a Monographs  |2 SNKPHeng  |9 120675 
919 |a 978-80-561-0541-2 
958 |a NB 
999 |c 685021  |d 686951 
952 |a SNK  |b SNK  |y PREZ  |7 0  |p 17A1351520  |o snkSC 182091  |i snk2018/27170  |8 0  |0 0  |1 0  |4 0  |d 2018-12-13  |f 1  |l 0  |r 2026-02-23 20:09:31  |w 2026-02-23 
952 |a SNK  |b SNK  |y VYP  |7 0  |p 17A1351521  |o snkSC 182091 D1  |i snk2018/27171  |8 0  |0 0  |1 0  |4 0  |d 2018-12-13  |l 0  |r 2026-02-23 20:09:31  |w 2026-02-23